[Event "FRA-chT2S 9899"]
[Site "France"]
[Date "1998.10.18"]
[Round "1"]
[White "Rouchouse, Stevens"]
[Black "Montagard, Guillaume"]
[Result "1-0"]
[WhiteElo "2170"]
[BlackElo "2115"]
[PlyCount "95"]
[EventDate "1998.??.??"]
[EventType "team"]
[EventRounds "9"]
[EventCountry "FRA"]
[SourceTitle "EXT 2002"]
[Source "ChessBase"]
[SourceDate "2001.11.25"]
[SourceVersion "1"]
[SourceVersionDate "2001.11.25"]
[SourceQuality "1"]

1. e4 Nf6 2. e5 Nd5 3. d4 d6 4. Nf3 g6 5. c4 Nb6 6. exd6 cxd6 7. Nc3 Bg7 8. h3 0-0 9. Be3 Nc6 10. Be2 Bf5 11. Rc1 d5 12. b3 dxc4 13. bxc4 Na5 14. c5 Nbc4 15. 0-0 Nb2 16. Qd2 Nac4 17. Bxc4 Nxc4 18. Qe2 Nxe3 19. fxe3 e5 20. d5 Rc8 21. e4 Bd7 22. Nb5 Qe7 23. c6 bxc6 24. Nxa7 cxd5 25. Nxc8 Bxc8 26. exd5 e4 27. Qe3 f5 28. Nd4 Qa7 29. Nxf5 Qxe3+ 30. Nxe3 Rd8 31. Rf4 Bh6 32. Rxe4 Bf5 33. Re7 Bg5 34. Rcc7 Bxe7 35. Rxe7 Bd3 36. Kf2 Ra8 37. d6 Rxa2+ 38. Kg3 Ra8 39. Nd5 Bb5 40. d7 Rd8 41. Nf6+ Kf8 42. Rxh7 Bc6 43. Kf2 Ra8 44. Ke3 Rd8 45. g3 Ba4 46. Kf4 Bb3 47. Rh8+ Ke7 48. Re8+ 1-0

[Event "Saint Affrique op 06th"]
[Site "Saint Affrique"]
[Date "1998.??.??"]
[Round "5"]
[White "Montagard, Guillaume"]
[Black "Foisor, Cristina Adela B"]
[Result "0-1"]
[WhiteElo "2115"]
[BlackElo "2410"]
[PlyCount "48"]
[EventDate "1998.07.??"]
[EventType "swiss"]
[EventRounds "7"]
[EventCountry "FRA"]
[SourceTitle "EXT 2000"]
[Source "ChessBase"]
[SourceDate "1999.11.16"]
[SourceVersion "1"]
[SourceVersionDate "1999.11.16"]
[SourceQuality "1"]

1. Nf3 g6 2. d3 Bg7 3. e4 c5 4. Be2 Nc6 5. c3 d5 6. 0-0 e6 7. Nbd2 Nge7 8. a4 b6 9. Ne1 d4 10. Ra3 e5 11. Nc4 Be6 12. Qc2 0-0 13. f4 f6 14. h4 Qd7 15. h5 exf4 16. Bxf4 g5 17. Bh2 h6 18. Nd2 f5 19. Kh1 f4 20. g3 fxg3 21. Rxf8+ Rxf8 22. Bxg3 Bg4 23. Nc4 Bxe2 24. Qxe2 Qh3+ 0-1